000 00556nam a2200229Ia 4500
003 OSt
005 20220924141953.0
006 a|||||r|||| 00| 0
007 ta
008 220923b |||||||| |||| 00| 0 ben d
024 _a299948
037 _cTextual
040 _aARTS
_cARTS
_bben
041 _2ben
_aben
082 _aS38:56, 157M2
100 _aGhosal Basanta
_9212750
245 0 _aDukkha jara
260 _c1982
650 _aPSYCHOLOGY
942 _hS38:56, 157M2
_cTEXL
_2CC
999 _c448850
_d448850